Statistics for Countries Where The Most Foreign Players In The NBA Are From

Click here to take the quiz!

General Stats

  • This quiz has been taken 374 times
  • The average score is 15 of 27

Answer Stats

No of PlayersCountry% Correct
32Canada
91%
23France
87%
14Spain
86%
11Germany
84%
5China
79%
12Russia
76%
17Brazil
75%
20Australia
74%
7Italy
74%
9Argentina
70%
25Serbia
68%
11Great Britain
66%
14Nigeria
61%
9Greece
59%
9Slovenia
54%
20Croatia
50%
10Lithuania
45%
9Turkey
45%
5Netherlands
39%
7Ukraine
37%
5Bosnia
32%
8Dominican Republic
29%
7Montenegro
26%
10Puerto Rico
24%
6Jamaica
22%
9Senegal
19%
7Georgia
10%

Score Distribution

Percentile by Number Answered

Percent of People with Each Score

Your Score History

You have not taken this quiz